000 01893cam a22002414a 4500
999 _c7850
_d7850
020 _a9780781772464
020 _a078177246X
050 0 0 _aRT89
_b.M33
100 1 _aMarquis, Bessie L.
245 1 0 _aLeadership roles and management functions in nursing :
_btheory and application /
_cBessie L. Marquis, Carol J. Huston.
250 _a6th ed.
260 _aPhiladelphia :
_bWolters Kluwer Health/Lippincott Williams & Wilkins,
_cc2009.
300 _axviii, 654 p. :
_bcol. ill. ;
_c24 cm.
505 0 _aDecision making, problem solving, and critical thinking : requisites for successful leadership and management -- Classical views of leadership and management -- Twenty-first century thinking about leadership and management -- Ethical issues -- Legal and legislative issues -- Patient, subordinate, and professional advocacy -- Operational and strategic planning -- Planned change -- Time management -- Fiscal planning -- Career development : from new graduate to retirement -- Organizational structure -- Understanding organizational, political, and personal power -- Organizing patient care -- Employee recruitment, selection, placement, and indoctrination -- Socializing and educating staff for team building -- Staffing needs and scheduling policies -- Creating a motivating climate -- Organizational, interpersonal, and group communication -- Delegation -- Managing conflict -- Understanding collective bargaining, unionization, and employment laws -- Quality control -- Performance appraisal -- Problem employees : rule breakers, marginal employees, and the chemically or psychologically impaired.
650 0 _aNursing services
_xAdministration.
650 0 _aLeadership.
650 1 2 _aLeadership.
650 1 2 _aNursing, Supervisory.
650 2 2 _aNurse Administrators.
650 2 2 _aNursing
_xorganization & administration.
700 1 _aHuston, Carol Jorgensen.
942 _cBK